Introducción al pensamiento científico. modulo 4 /

Guardado en:
Autor Principal: Buenos Aires Universidad Nacional
Formato: Libro
Publicado: Buenos Aires : Eudeba, 1991
Edición:2a. ed.
Series:Las ciencias sociales. Módulo
Materias:
Etiquetas: Agregar Etiqueta
Sin Etiquetas, Sea el primero en etiquetar este registro!
LEADER 00529nam a22001695a 4500
001 CEM.cems001256
008 130507s1991##################000#0#####d
005 20241210092531.0
245 1 0 |a Introducción al pensamiento científico. modulo 4 / 
250 |a 2a. ed. 
260 |a Buenos Aires :  |b Eudeba,  |c 1991 
300 |a 46 p. 
490 0 |a Las ciencias sociales. Módulo 
100 1 |a Buenos Aires Universidad Nacional 
082 0 4 |a 001 
653 |a Pensamiento cientifico 
859 |a CEMS  |b BIB. CEMS - 11 de abril  |h 001  |i B862a2/4  |p 16575.92  |t Ej.1